000 01060nam a2200265Ia 4500
003 OSt
005 20220923211419.0
006 a|||||r|||| 00| 0
007 ta
008 220922b |||||||| |||| 00| 0 hin d
020 _a9788192655062 (hbk)
_c500
024 _a348,197
037 _b237, 16/01/2019, Eastern Book Linkers
_cTextual
040 _aARTS
_cARTS
_bhin
041 _2hin
_ahin
082 _aY:351.2, 152Q7
100 _aमीना, अशोक कुमार, ले.
_9160415
245 0 _aभारतीय लोक साहित्य का संास्कृतिक अध्ययन
246 _aBhāratīya lok sāhitya kā sanāskṛutik adhyayana
260 _aजयपुर
_b डानिया पब्लिकेशन्स
_c2017
300 _a87पृ.
_ccm.
650 _aभारतीय-लोक साहित्य
942 _hY:351.2, 152Q7
_cTEXL
_2CC
999 _c299238
_d299238